000 00799nam a22001817a 4500
003 OSt
005 20251207133629.0
008 251207b |||||||| |||| 00| 0 eng d
040 _cDCL
082 _a၂၉၄.၃၈၂၂၁
100 0 _aဇနကာဘိဝံသ၊
_cအရှင်။
245 1 0 _aပါရာဇိကဏ်ဘာသာဋီကာ၊
_bစတုတ္ထအုပ် /
_cအရှင်ဇနကာဘိဝံသ။
250 _aတတိအကြိမ်။
264 _aအမရပူရ ၊
_bမဟာဂန္ဓာရုံစာပေ၊
_c၁၉၉၅။
300 _aဇ၊ ၅၄၆ စာမျက်နှာ ၊
_c၂၄ စင်တီ။
650 _aပါရာဇိကဏ်
_vဘာသာဋီကာ
942 _2ddc
_cSHORT TERM
_n0
999 _c2667
_d2667